Ethnographie der Oesterreichischen Monarchie

Bibliographic Details
Main Author: Czoernig, Karl (Author)
Format: Book
Language:Undetermined
PhysicalDescription:103 s.
Published: Wien Aus der Kaiserlich-Koeniglichen Hof- Und Staatsdruckerei 1857

MARC

LEADER 00000nam a2200000 a 4500
001 vtls001419307
003 SK-MaSNL
005 20260302001624.0
008 240315s1857 xx 0 und
035 |a SNK000374121 
040 |a SNK  |b slo  |c SNK  |e AACR2 
041 0 |a und 
044 |a xx 
100 1 |a Czoernig, Karl  |4 aut  |9 463351 
245 1 |a Ethnographie der Oesterreichischen Monarchie 
260 |a Wien  |b Aus der Kaiserlich-Koeniglichen Hof- Und Staatsdruckerei  |c 1857 
300 |a 103 s. 
958 |a ONDV 
999 |c 984606  |d 986536 
952 |t P60, <04>, [BOOK], {604}  |a SNK  |b SNK  |y VYP  |7 0  |p 17A0311537  |o snkIB 6509/3  |0 0  |1 0  |4 0  |d 2001-08-28  |l 0  |r 2005-01-02 00:00:00  |w 2026-02-24